| 000 | 01051nam0a2200313 4500 | ||
|---|---|---|---|
| 001 | RU\NLR\BIBL_A\011549817 | ||
| 005 | 20240727052239.0 | ||
| 010 | _a9785448583087 | ||
| 021 |
_aRU _b2017-87341 _96245 |
||
| 035 | _a(RuMoRGB)009455170 | ||
| 035 | _a(NLR Aleph) 011549817 | ||
| 090 |
_a12238744 _c12238744 |
||
| 100 | _a20171207d2017 u y0rusy50 ca | ||
| 101 | 0 | _arus | |
| 102 | _aRU | ||
| 105 | _ay z yz | ||
| 200 | 1 |
_aВ долине Эргов _eприключенческое фэнтези _fЕкатерина Сарычева |
|
| 210 |
_a[Б. м.] _cИздательские решения _d2017 |
||
| 215 |
_a162, [1] с. _d21 |
||
| 300 | _aКнига создана в интеллектуальной издательской системе Ridero | ||
| 333 | _a12+ | ||
| 686 |
_aШ5(2=Р)64-644.5 _2rubbk |
||
| 686 | 0 | _aШ9(2)62=Р7-4 | |
| 700 | 1 |
_aСарычева _bЕ. А. _gЕкатерина Алексеевна |
|
| 942 | _cBOOK | ||
| 980 | _aNBR | ||